Normal view
MARC view
- إدارة المشروعات -دراسات الجدوى
Entry Topical Term
001 - CONTROL NUMBER
- control field: 45305
003 - CONTROL NUMBER IDENTIFIER
- control field: JO-AjAnu
005 - DATE AND TIME OF LATEST TRANSACTION
- control field: 20230606081508.0
008 - FIXED-LENGTH DATA ELEMENTS
- fixed length control field: 230606|| aca||aabn | a|a d
040 ## - CATALOGING SOURCE
- Original cataloging agency: JO-AjAnu
- Transcribing agency: JO-AjAnu
150 ## - HEADING--TOPICAL TERM
- Topical term or geographic name entry element: إدارة المشروعات -دراسات الجدوى
670 ## - SOURCE DATA FOUND
- Source citation: Work cat.: (JO-AjAnu)23196: آل ىدام، يوحنا عبد/سليمان اللوزي, author 45304, دراسة الجدوى الاقتصادية وتقييم كفاءة اداء المنظمات=Firms Investment Appraisal ,Project Evaluation and Economics Performance